[Event "Lovsprings op 10th C"]
[Site "Ringsted"]
[Date "1998.05.29"]
[Round "7"]
[White "Jensen, Jorgen"]
[Black "Jensen, Dan Bronnum"]
[Result "0-1"]
[WhiteElo "1349"]
[BlackElo "1439"]
[PlyCount "80"]
[EventDate "1998.03.13"]
[EventType "swiss"]
[EventRounds "7"]
[EventCountry "DEN"]
[SourceTitle "EXT 2023"]
[Source "ChessBase"]
[SourceDate "2022.10.05"]
[SourceVersion "1"]
[SourceVersionDate "2022.10.05"]
[SourceQuality "1"]

1. e4 e5 2. Nf3 Nc6 3. Bc4 Nf6 4. Nc3 Bb4 5. Nd5 Nxe4 6. Nxb4 Nxb4 7. Nxe5 d5 8. Bb3 Qe7 9. d4 Nf6 10. 0-0 0-0 11. Bd2 Nc6 12. Re1 Qd8 13. Nxc6 bxc6 14. h3 a5 15. a3 Ne4 16. Be3 Qd6 17. Qd3 Qg6 18. Kh2 Bf5 19. Qe2 Nd6 20. Ba4 Nc4 21. c3 Bd3 22. Qd1 Nxb2 23. Qd2 Nxa4 24. Bf4 Bb5 25. Re3 Rfe8 26. Rae1 Rxe3 27. Rxe3 Nb6 28. Rg3 Qe6 29. Be5 g6 30. Qh6 f6 31. Bxc7 Nd7 32. Re3 Qf7 33. Bd6 Re8 34. Rf3 f5 35. g4 Qg7 36. Qg5 Be2 37. Rg3 fxg4 38. Rxg4 Bxg4 39. hxg4 Qf6 40. Qh6 Qxf2+ 0-1

[Event "Lovsprings op 10th C"]
[Site "Ringsted"]
[Date "1998.04.24"]
[Round "5"]
[White "Jensen, Jorgen"]
[Black "Skovgaard, Michael"]
[Result "0-1"]
[WhiteElo "1349"]
[BlackElo "1400"]
[PlyCount "92"]
[EventDate "1998.03.13"]
[EventType "swiss"]
[EventRounds "7"]
[EventCountry "DEN"]
[SourceTitle "EXT 2023"]
[Source "ChessBase"]
[SourceDate "2022.10.05"]
[SourceVersion "1"]
[SourceVersionDate "2022.10.05"]
[SourceQuality "1"]

1. e4 c5 2. Bc4 e6 3. Nc3 a6 4. d3 Nc6 5. a3 Nf6 6. Nf3 b5 7. Bb3 d6 8. 0-0 Be7 9. Bd2 0-0 10. Re1 Na5 11. Ba2 c4 12. dxc4 Nxc4 13. Bc1 Bb7 14. Qe2 Qc7 15. Nd2 Nxa3 16. Bb3 b4 17. bxa3 Qxc3 18. Ra2 Qc6 19. f3 Qc5+ 20. Kh1 Nh5 21. axb4 Qg5 22. Nc4 Qh4 23. Kg1 d5 24. Na5 Bxb4 25. Bd2 Bxa5 26. Rxa5 dxe4 27. fxe4 Nf6 28. e5 Nd5 29. Ra4 Qe7 30. Bxd5 Qc5+ 31. Be3 Qxd5 32. Bd4 Bc6 33. Rea1 Bxa4 34. Rxa4 Qb5 35. Qxb5 axb5 36. Rb4 Ra4 37. Bc3 Rxb4 38. Bxb4 Rd8 39. Kf2 Rd5 40. Bc3 Rc5 41. Bb4 Rxc2+ 42. Kf3 Rb2 43. Bc5 b4 44. h4 b3 45. Ke3 Rxg2 46. Bd4 b2 0-1